South Eastern Kenya University

Library Online Public Access Catalogue


The inquiring reader : (Record no. 12873)

MARC details
000 -LEADER
fixed length control field 00631cam a2200229 a 4500
001 - CONTROL NUMBER
control field 12158304
003 - CONTROL NUMBER IDENTIFIER
control field OSt
005 - DATE AND TIME OF LATEST TRANSACTION
control field 20160420142102.0
008 - FIXED-LENGTH DATA ELEMENTS--GENERAL INFORMATION
fixed length control field 000829s2001 maua 001 0 eng
010 ## - LIBRARY OF CONGRESS CONTROL NUMBER
LC control number 00045412
020 ## - INTERNATIONAL STANDARD BOOK NUMBER
International Standard Book Number 0205307558
040 ## - CATALOGING SOURCE
Original cataloging agency SEKU
050 00 - LIBRARY OF CONGRESS CALL NUMBER
Classification number PE 1122
Item number .G3
082 00 - DEWEY DECIMAL CLASSIFICATION NUMBER
Classification number 428.6/2
Edition number 21
100 1# - MAIN ENTRY--PERSONAL NAME
Personal name Garrigus, Richmond,
Dates associated with a name 1941-
245 14 - TITLE STATEMENT
Title The inquiring reader :
Remainder of title foundations for college reading /
Statement of responsibility, etc. Richmond Garrigus.
260 ## - PUBLICATION, DISTRIBUTION, ETC. (IMPRINT)
Place of publication, distribution, etc. Boston :
Name of publisher, distributor, etc. Allyn and Bacon,
Date of publication, distribution, etc. 2001.
300 ## - PHYSICAL DESCRIPTION
Extent xix, 476 p. :
Other physical details ill. ;
Dimensions 24 cm.
500 ## - GENERAL NOTE
General note Includes index.
650 #0 - SUBJECT ADDED ENTRY--TOPICAL TERM
Topical term or geographic name as entry element College readers.
942 ## - ADDED ENTRY ELEMENTS (KOHA)
Source of classification or shelving scheme Library of Congress Classification
Koha item type General circulation
Holdings
Withdrawn status Lost status Source of classification or shelving scheme Damaged status Not for loan Home library Current library Shelving location Date acquired Source of acquisition Total Checkouts Full call number Barcode Date last seen Price effective from Koha item type Public note
    Library of Congress Classification     Main Campus Library Main Campus Library General Stacks 20/04/2016 Donation- Books for Africa   PE 1122 .G3 2016/016575 20/04/2016 20/04/2016 General circulation stv
Kitui, Kenya.
+254736116989
library@seku.ac.ke